|
|
|
|
| LEADER |
00825nam a2200181 a 4500 |
| 008 |
090513s1995 ph a b 000 0 eng d |
| 020 |
|
|
|a 9712200760
|
| 082 |
0 |
4 |
|a 338.17/318/0212
|2 20
|
| 110 |
2 |
|
|a International Rice Research Institute.
|
| 245 |
0 |
0 |
|a World rice statistics 1993-94 /
|c International Rice Research Institute.
|
| 260 |
|
|
|a Manila, Philippines :
|b International Rice Research Institute,
|c 1995.
|
| 300 |
|
|
|a xxiii, 260 p. :
|b ill. ;
|c 28 cm.
|
| 541 |
1 |
|
|e 00016913
|
| 650 |
|
0 |
|a Rice
|x Statistics.
|
| 710 |
2 |
0 |
|a International Rice Research Institute.
|
| 852 |
4 |
|
|a Ayesha Abed Library
|j Generalshelf
|
| 999 |
|
|
|c 670
|d 670
|
| 952 |
|
|
|0 0
|1 0
|2 ddc
|4 0
|6 338_173180212000000_WOR_1995
|7 0
|9 617
|a BRACUL
|b BRACUL
|c GEN
|d 2009-05-13
|g 0.00
|l 0
|o 338.173180212 WOR
|p 3010016913
|r 2009-05-13
|t 1
|w 2009-05-13
|y BK
|x No price found in the accession register.
|